Responses for Show #6949 - Thursday, November 27, 2014

Contestants

[<< previous game]

David Greisman, a communications manager and boxing writer from Columbia, Maryland

Michelle Chick, an administrative assistant from Livonia, Michigan

Aggie Lee, an attorney from Los Angeles, California (whose 1-day cash winnings total $15,800)

[next game >>]

Jeopardy! Round responses

ANAGRAMMED NEW YORK CITIES
KITCHEN CONFIDENTIAL
NBA LAST NAME'S THE SAME
YOU, PRONOUNS & ME
WHICH CABINET DEPARTMENT?
THE DAWN OF THE ATOMIC AGE
(Jimmy: [*] from Los Alamos, New Mexico, where the first nuclear weapons were born in 1945.)
    $200 6
Syracuse

David
    $200 11
apple

David
    $200 1
O'Neal

Aggie
    $200 16
this

Aggie
    $200 21
State

David
    $200 26
The Manhattan Project

David
    $400 7
Albany

David
    $400 12
mushrooms

Michelle
    $400 2
Miller

David
    $400 17
nobody

Michelle
    $400 22
Justice

David
    $400 27
Nagasaki

Michelle
    $600 8
Buffalo

Michelle
    $600 13
albacore

Aggie
    $600 3
Malone

David
    $600 18
mine

David
    $600 23
(David: What is Treasury?)

Labor

David
Triple Stumper
    $600 28
plutonium

David
    $800 9
Niagara Falls

Michelle
    $800 14
flour

Michelle
    $800 4
Jordan

Michelle
    $800 19
(Michelle: What is thee?)
...
(Alex: For [*] the Bell Tolls. You got it.)

whom

MichelleDavid
    $800 24
Education

Aggie
    $800 29
Robert Oppenheimer

Triple Stumper
    $1000 10
White Plains

Triple Stumper
    $1000 15
sashimi

Michelle
    $1000 5
Howard

David
    $1000 20
myself

David
    $1,600 25
the Department of the Interior

Aggie
    $1000 30
Richard Feynman

Triple Stumper

Scores at the first commercial break (after clue 15):

Aggie Michelle David
$800 $4,400 $2,800

Scores at the end of the Jeopardy! Round:

Aggie Michelle David
$3,400 $4,400 $6,000

Double Jeopardy! Round responses

SOUNDS LIKE MAD LIBS, BUT REAL
YO, JOHANN!
POTPOURRI
(Alex: A little bit of everything.)
FEMALE BOOK CHARACTERS
WORLD HISTORY
JUST BEYOND THE "H"ORIZON
(Alex: Notice the "H" in quotation marks. Each correct response will begin with that letter, and each correct response will be a word that comes after "horizon" in the dictionary.)
    $400 22
Angelina Jolie

David
    $400 21
Gutenberg

David
    $400 15
(Aggie: What is hoist?)

weigh

Aggie
Triple Stumper
    $400 5
Katniss Everdeen

David
    $400 1
(Aggie. Ooh. Uh, who is Che Guevara?)
...
(Alex: It was 1825, so it was [*].)

Simón Bolívar

Aggie
Triple Stumper
    $400 10
hormone

Aggie
    $800 23
Homeland

David
    $800 30
(Johann) Strauss

Aggie
    $800 17
a tallit

Triple Stumper
    $800 6
Jane Eyre

David
    $800 2
the Mongols

David
    $800 11
(David: What is honeymoon?)

hospitality

David
Triple Stumper
    $1200 24
Phil Collins

Aggie
    $1200 29
Neanderthal

Aggie
    $1200 18
a Duesenberg

Michelle
    $1200 7
Are You There God? It's Me, Margaret.

Michelle
    $1200 3
Medina

Michelle
    $1200 12
(David: What is horse-drawn?)

horse-and-buggy

AggieDavid
    $1600 25
James Lipton

Aggie
    $1600 28
Swiss Family Robinson

Aggie
    $1600 19
(Alex: The country is Turkey. The color is [*].)

turquoise

Triple Stumper
    $2,000 8
Cosette

Michelle
    $1,000 4
(Michelle: Who is Melbourne?)
...
(Alex: No. He's a man who's famous for another mutiny... [*]. He was not, uh, unfamiliar with mutinies.)

William Bligh

Michelle
    $1600 13
horology

Triple Stumper
    $2000 26
Gary Busey

Triple Stumper
    $2000 27
Johann Goethe

Triple Stumper
    $2000 20
(Aggie: What is a burn victim?)

electrocution

AggieMichelle
    $2000 9
(Aggie: Who is [*]'s Lover? or [*]?)
(Alex: No. Okay, you corrected yourself in the nick of time. Good.)

Lady Chatterley

Aggie
    $2000 16
the Franks

Triple Stumper
    $2000 14
hors d'oeuvres

Aggie

Scores at the end of the Double Jeopardy! Round:

Aggie Michelle David
$12,600 $11,000 $7,600

[wagering suggestions for these scores]

Final Jeopardy! Round responses

BODIES OF WATER
DavidWhat is the Bering Strait?
$4,000
MichelleWhat is the Caspian Sea
$4,000
AggieWhat is the              river?
$9,401
the Bering Strait

Final scores:

Aggie Michelle David
$3,199 $7,000 $11,600
3rd place: $1,000 2nd place: $2,000 New champion: $11,600

Game dynamics:

Coryat scores:

Aggie Michelle David
$12,000 $11,600 $7,600
14 R
(including 1 DD),
3 W
13 R
(including 1 DD),
2 W
(including 1 DD)
19 R,
3 W

Combined Coryat: $31,200

[game clues] [game scores] [suggest correction]

Game tape date: Unknown
The J! Archive is created by fans, for fans. Scraping, republication, monetization, and malicious use prohibited; this site may use cookies and collect identifying information. See terms. The Jeopardy! game show and all elements thereof, including but not limited to copyright and trademark thereto, are the property of Jeopardy Productions, Inc. and are protected under law. This website is not affiliated with, sponsored by, or operated by Jeopardy Productions, Inc. Join the discussion at JBoard.tv.